000 00388nam a2200157Ia 4500
008 230312s9999||||xx |||||||||||||| ||und||
020 _a0-471-70953-4
082 _a720.47
_bWIL-S
100 _aWilliam;Daniel.E
245 0 _aSustainable Design
260 _bJohn Wiley & Sons
_aUSA
_c2007
300 _a275
546 _aEng.
650 _aArchitecture
_vSustainable Design
942 _cBK
999 _c9655
_d9655